| 000 | 01504cam a22003374a 4500 | ||
|---|---|---|---|
| 999 |
_c128706 _d128706 |
||
| 001 | 14172957 | ||
| 003 | ARRUPE | ||
| 005 | 20181204104115.0 | ||
| 008 | 051118s2006 caua b 001 0 eng | ||
| 010 | _a 2005033969 | ||
| 020 | _a0787981818 (cloth) | ||
| 020 | _a9780787981815 | ||
| 035 | _a(OCoLC)ocm62381307 | ||
| 040 |
_aDLC _cDLC _dYDX _dBAKER _dLMU _dDLC |
||
| 042 | _apcc | ||
| 050 | 0 | 0 |
_aHD2745 _b.C3727 2006 |
| 082 | 0 | 0 |
_a658.4/22 _222 |
| 100 | 1 |
_aCarver, John. _943764 |
|
| 245 | 1 | 0 |
_aReinventing your board : _ba step-by-step guide to implementing policy governance / _cJohn Carver, Miriam Carver. |
| 250 | _aRev. ed., 2nd ed. | ||
| 260 |
_aSan Francisco : _bJossey-Bass, _cc2006. |
||
| 300 |
_axxiv, 303 p. : _bill. ; _c24 cm. |
||
| 504 | _aIncludes bibliographical references (p. 295-296) and index. | ||
| 650 | 0 |
_aDirectors of corporations. _943765 |
|
| 650 | 0 |
_aCorporate governance. _943766 |
|
| 700 | 1 |
_aCarver, Miriam Mayhew. _943767 |
|
| 856 | 4 | 1 |
_3Table of contents only _uhttp://www.loc.gov/catdir/toc/ecip064/2005033969.html |
| 856 | 4 | 2 |
_3Publisher description _uhttp://www.loc.gov/catdir/enhancements/fy0623/2005033969-d.html |
| 856 | 4 | 2 |
_3Contributor biographical information _uhttp://www.loc.gov/catdir/enhancements/fy0659/2005033969-b.html |
| 906 |
_a7 _bcbc _corignew _d1 _eecip _f20 _gy-gencatlg |
||
| 942 |
_2lcc _cMONOGRAPH |
||